LEADER 01213nam a2200265 a 4500 001 000000163524 003 CaOOAMICUS 005 20171019164157.0 008 171019s1996 it m u000 u eng r 032 $aLibriCat 040 $aPUL$bita 100 1 $aMylamvelil, John.$0(OLS)http://pul/name/105048 245 04$aThe election of bishops in the Syro-Malabar church in the light of codex canonum ecclesiarum orientalium / $cJohn Mylamvelil. 260 $aRoma :$b[s.n.],$c1995. 300 $aix, 85 p. ;$c24 cm. 502 $aEstratto di Tesi. Pontificio Istituto Orientale. 1995. 504 $aBibliografia in nota a pič pagina. 610 24$aChiesa siro-malabarese.$0(OLS)http://pul/subject/44987 710 2 $aPontificio Istituto Orientale.$kTesi.$0(OLS)http://pul/name/104919 850 $aPUL 852 $aPUL$W1$xDP1 Tesi Pon. Ist. Orientale$y39$mTH ORIE 182$j187662$qTesi$B190759$CPULBib$Z2$F190759 $H76262 $82 941 1 $a16 996 $6245$aThe election of bishops in the Syro-Malabar church in the light of codex canonum ecclesiarum orientalium / $9(OLS)http://pul/title/203235 996 $6260$aRoma :$b[s.n.]$9(OLS)http://pul/publisher/47958 LEADER 02234nam a2200337 a 4500 001 000000173301 003 CaOOAMICUS 005 20200224100344.0 008 200221s1566 it 000 u lat r 026 $aioim a-ru$beme- pl9. (3)$c1566 (R) 032 $aLibriCat 040 $aPUL$bita 100 1 $aVelde, Jacobus van de,$cO.S.A.,$dm. 1583.$0(OLS)http://pul/name/111322 245 10$aTabulae compendiosae in evangelia et epistolas, Quae per totam Quadragesimam populo in Ecclesia proponi solent, concionaturis omnibus summopere utiles, et necessariae. Auctore F. Iacobo Veldio Augustiniano, S. Theologiae Licentiato. 260 $aVenetiis :$bapud Franciscum, et Gasparem Bindonum, fratres,$c1566$e(Venetiis,$g1566) 300 $a[14] c., 238 c. ;$c8° (15 cm) 500 $aSegnatura: A-2H8 2I4 500 $aMarca tipografica sul front.: Mano sorregge un candeliere insieme a due rami d'alloro ed olivo. Sopra il candeliere occhio umano. (Z 901). 500 $aCapilettera. 500 $aCorsivo. 500 $aC. 185 erroneamente numerata 175. 662 $aItalia$dVenezia.$0(OLS)http://pul/subject/34951 710 0 $aBindoni, Gaspare,$d1561-1589$4pbl.$0(OLS)http://pul/name/70616 710 0 $aBindoni, Francesco$4pbl.$0(OLS)http://pul/name/73068 850 $aPUL 852 $aPUL$W1$xDP1 Antico 500$y12$m547 I 16$j197283$qStampati Antico$B202069$CPULBib$Z2$F202069 $82 941 1 $a15 961 $aAutore e titolo dell'opera abbreviato sul dorso. Legatura in pelle chiara. Stemma dell?ordine dei Gesuiti (JHS) e Stemma di Gregorio XIII sul dorso. Sul foglio di guardia ms.: "746[?]". Precedente appartenenza: Collegio Germanico ? Bibl. Sup. 1767. Ex libris e altri nomi ms. cassati e poco decifrabili. Sul piatto anteriore ms: ""O I". Tagli spruzzati di rosso e verde. 996 $6245$aTabulae compendiosae in evangelia et epistolas, Quae per totam Quadragesimam populo in Ecclesia proponi solent, concionaturis omnibus summopere utiles, et necessariae. Auctore F. Iacobo Veldio Augustiniano, S. Theologiae Licentiato$9(OLS)http://pul/title/214437 996 $6260$aVenetiis :$bapud Franciscum, et Gasparem Bindonum, fratres$9(OLS)http://pul/publisher/87300